[Event "ch-Commonwealth"]
[Site "Nagpur IND"]
[Date "2008.10.01"]
[Round "5"]
[White "Ramnath,B"]
[Black "Akshayraj,K"]
[Result "1-0"]
[WhiteElo "2239"]
[BlackElo "2392"]

1.e4 c5 2.Nf3 Nc6 3.d4 cxd4 4.Nxd4 Nf6 5.Nc3 d6 6.Bg5 e6 7.Qd2 a6 8.O-O-O Bd7
9.f3 Rc8 10.Kb1 Be7 11.Be3 b5 12.g4 h6 13.h4 Nxd4 14.Qxd4 Qc7 15.Qd2 b4 16.Ne2 Bb5
17.Nd4 Bxf1 18.Rdxf1 Nd7 19.g5 hxg5 20.hxg5 Rxh1 21.Rxh1 g6 22.Re1 Qb7 23.Bf2 d5
24.Nb3 Ne5 25.Qd1 Rd8 26.Rh1 Bxg5 27.Rh8+ Ke7 28.Bc5+ Kd7 29.Bd4 Qc7 30.Nc5+ Kc8
31.Nxa6 Qd6 32.Rxd8+ Bxd8 33.Bxe5 Qxa6 34.exd5 exd5 35.b3 f6 36.Bd4 Qd6 37.Qd3 g5
38.Qb5 Be7 39.Qe8+ Kb7 40.Qb5+ Kc8 41.Qe8+ Kb7 42.Qa4 f5 43.Qa7+ Kc8 44.Qa8+ Kd7
45.Qb7+ Ke6 46.Qc8+ Qd7 47.Qg8+ Kd6 48.Qb8+ Ke6 49.Qe5+ Kf7 50.Qg7+ Ke8 51.Qg8+ Bf8
52.Qxg5 Qe6 53.Kb2 Be7 54.Qg7 Kd8 55.Qh8+ Kd7 56.Qa8 Bd6 57.Qb7+ Ke8 58.Qg7 Be7
59.Qe5 Qc6 60.Qxf5 Bc5 61.Qe5+ Kd7 62.f4  1-0

[Event "ch-Commonwealth"]
[Site "Nagpur IND"]
[Date "2008.10.01"]
[Round "5"]
[White "Deepan,C"]
[Black "Mehar,C"]
[Result "1-0"]
[WhiteElo "2464"]
[BlackElo "2240"]

1.e4 c5 2.Nf3 d6 3.d4 cxd4 4.Nxd4 Nf6 5.Nc3 Nc6 6.Bg5 e6 7.Qd2 a6 8.O-O-O Bd7
9.f3 h6 10.Be3 b5 11.Nxc6 Bxc6 12.Ne2 Qc7 13.Nd4 Bb7 14.Kb1 d5 15.e5 Nd7
16.f4 Be7 17.Bd3 Nc5 18.f5 O-O-O 19.Rhe1 Ne4 20.Qe2 Bc5 21.fxe6 Bxd4 22.Bxd4 fxe6
23.a4 bxa4 24.Bxa6 Qa5 25.Bxb7+ Kxb7 26.Qg4 a3 27.Re3 Nd2+ 28.Rxd2 Qxd2 29.Rb3+  1-0

[Event "ch-Commonwealth"]
[Site "Nagpur IND"]
[Date "2008.10.03"]
[Round "7"]
[White "Teenu,T"]
[Black "Nirmal,E"]
[Result "0-1"]
[WhiteElo "1859"]
[BlackElo "2211"]

1.e4 c5 2.Nf3 d6 3.d4 cxd4 4.Nxd4 Nf6 5.Nc3 Nc6 6.Bg5 e6 7.Qd2 a6 8.O-O-O h6
9.Be3 Be7 10.f4 Qc7 11.Rg1 Ng4 12.Nf3 Nxe3 13.Qxe3 b5 14.f5 Ne5 15.fxe6 fxe6
16.Kb1 O-O 17.Qd4 Rb8 18.a3 Rb6 19.Be2 Bf6 20.Qd2 Bd7 21.Rdf1 b4 22.axb4 Rxb4
23.Nxe5 Bxe5 24.Rxf8+ Kxf8 25.Rf1+ Kg8 26.Nd1 Qa5 27.c3 Rb8 28.Bh5 Ba4 29.Bf7+ Kh8
30.Bxe6 Bxd1 31.Qxd1 Rxb2+ 32.Kxb2 Qxc3+ 33.Ka2 Qb2+  0-1

[Event "ch-Commonwealth"]
[Site "Nagpur IND"]
[Date "2008.10.03"]
[Round "7"]
[White "Adhiban,B"]
[Black "Mehar,C"]
[Result "1-0"]
[WhiteElo "2422"]
[BlackElo "2240"]

1.e4 c5 2.Nf3 d6 3.d4 cxd4 4.Nxd4 Nf6 5.Nc3 Nc6 6.Bg5 e6 7.Qd2 Be7 8.O-O-O O-O
9.f3 a6 10.h4 Bd7 11.Kb1 b5 12.Nxc6 Bxc6 13.Bd3 Rc8 14.g4 Nd7 15.Ne2 d5 16.Nd4 Bb7
17.exd5 Bxd5 18.Qe3 Bf6 19.Bxf6 Qxf6 20.Rhe1 Nc5 21.g5 Qd8 22.h5 Qc7 23.f4 Rfd8
24.h6 g6 25.Bf1 Be4 26.Ka1 Qa5 27.Nb3 Nxb3+ 28.cxb3 Rxd1+ 29.Rxd1 Bf5 30.Qe5 f6
31.Qxf6 Qc7 32.a4 Rf8 33.Qe5 Qxe5 34.fxe5 Bc2 35.Rc1 Bxb3 36.axb5 axb5 37.Bxb5 Rf5
38.Rc3 Bd5 39.Rc8+ Kf7 40.Rc7+ Kg8 41.Rg7+ Kh8 42.b4 Rf8 43.Bd7 Bc6 44.Bxe6 Bd5
45.Bd7 Bg8 46.b5 Rf1+ 47.Kb2 Rf2+ 48.Kc3 Rf3+ 49.Kb4  1-0

[Event "ch-Commonwealth"]
[Site "Nagpur IND"]
[Date "2008.10.03"]
[Round "7"]
[White "Padmini,R"]
[Black "Peiris,T"]
[Result "1/2-1/2"]
[WhiteElo "2257"]
[BlackElo "2091"]

1.e4 c5 2.Nf3 d6 3.d4 cxd4 4.Nxd4 Nf6 5.Nc3 Nc6 6.Bg5 e6 7.Qd2 a6 8.O-O-O h6
9.Bf4 Bd7 10.Nxc6 Bxc6 11.f3 d5 12.Qe1 Bb4 13.a3 Be7 14.Kb1 Qb6 15.Bd3 Qc7
16.Be3 b5 17.exd5 Nxd5 18.Bd4 O-O 19.Nxd5 Bxd5 20.Be5 Bd6 21.Bxd6 Qxd6 22.Be4 Rac8
23.Bxd5 exd5 24.Rd3 Rc5 25.Qd2 Rfc8 26.g3 Rxc2 27.Qxc2 Rxc2 28.Kxc2 Qc5+
29.Kb1 Qf2 30.Rxd5 Qg2 31.Rhd1 Qxh2 32.g4 Qe2 33.R1d3 g6 34.Rc3 Kg7 35.Ka2 Qe6
36.Rd3 h5 37.gxh5 gxh5 38.f4 h4 39.f5 Qe2 40.R5d4 Kf6 41.Rh3 Kxf5 42.Rhxh4 f6
43.a4 Qe6+ 44.Ka3 Qe3+ 45.Kb4 Qe1+ 46.Ka3 Ke5 47.axb5 axb5 48.Rb4 Qa1+ 49.Kb3 Qd1+
50.Ka2 Qd5+ 51.Ka3 f5 52.b3 Qc5 53.Kb2 Qf2+ 54.Ka3 Qf1 55.Kb2 Qf2+  1/2-1/2

[Event "ch-Commonwealth"]
[Site "Nagpur IND"]
[Date "2008.10.04"]
[Round "9"]
[White "Mohammad,J"]
[Black "Akshayraj,K"]
[Result "0-1"]
[WhiteElo "2264"]
[BlackElo "2392"]

1.e4 c5 2.Nf3 Nc6 3.d4 cxd4 4.Nxd4 Nf6 5.Nc3 d6 6.Bg5 e6 7.Qd2 a6 8.O-O-O Bd7
9.f4 b5 10.Bxf6 gxf6 11.Kb1 Qb6 12.Nxc6 Bxc6 13.f5 Qc5 14.fxe6 fxe6 15.Bd3 Bg7
16.Rhf1 Qe5 17.Qf4 Qxf4 18.Rxf4 Ke7 19.Ne2 Bh6 20.Rff1 Rag8 21.g3 Rg4 22.h3 Rg5
23.Nd4 Bb7 24.g4 Bf8 25.Rf2 Bh6 26.Re2 Rc5 27.Nb3 Rc7 28.Na5 Bf4 29.c4 bxc4
30.Nxc4 h5 31.Na5 hxg4 32.hxg4 Ba8 33.Nb3 d5 34.exd5 Bxd5 35.Be4 Rh2 36.Bd3 Rh3
37.Rc2 Rxc2 38.Bxc2 Bf3 39.Rf1 e5 40.Bf5 Rg3 41.Nc5 Bxg4 42.Bxg4 Rxg4 43.Nxa6 Be3
44.Nc7 Bd4 45.Nd5+ Ke6 46.Nxf6 Rg2 47.Ne4 Rxb2+ 48.Kc1 Rxa2 49.Ng5+ Kd5 50.Rf8 Kc4
51.Nf3 e4 52.Rc8+ Kd3 53.Nxd4 Kxd4 54.Kd1 Kd3 55.Rd8+ Ke3 56.Rh8 Ra1+ 57.Kc2 Rf1
58.Re8 Rh1 59.Re7 Kf3 60.Kd2 Rh2+ 61.Ke1 Ke3 62.Kd1 Rd2+ 63.Ke1 Ra2 64.Kd1 Ra1+
65.Kc2 Ra4 66.Kd1 Ra1+ 67.Kc2 Kf3 68.Kd2 Ra2+ 69.Ke1 Rh2 70.Re8 Ke3 71.Kd1 Rh1+
72.Kc2 Re1 73.Re7 Kf2 74.Re8 e3 75.Re7 Ke2 76.Re8 Rf1 77.Re7 Rf5 78.Re8 Rc5+
79.Kb2 Kd2 80.Rd8+ Ke1 81.Kb1 e2 82.Rf8 Rc4 83.Kb2 Kd2  0-1

[Event "Chigorin Memorial"]
[Site "St Petersburg RUS"]
[Date "2008.10.04"]
[Round "1"]
[White "Lanin,A"]
[Black "Kushka,A"]
[Result "1-0"]
[WhiteElo "2465"]
[BlackElo "2123"]

1.e4 c5 2.Nf3 Nc6 3.d4 cxd4 4.Nxd4 Nf6 5.Nc3 d6 6.Bg5 e6 7.Qd2 a6 8.O-O-O h6
9.Bf4 Bd7 10.Nxc6 Bxc6 11.f3 d5 12.Qe1 Bb4 13.a3 Be7 14.Bc4 O-O 15.exd5 exd5
16.Bxd5 Bxd5 17.Qe5 Be6 18.Rxd8 Rfxd8 19.Rd1 Rxd1+ 20.Nxd1 Nd5 21.Bd2 Rc8
22.Ne3 Bf6 23.Qe4 Nxe3 24.Bxe3 Bb3 25.c3 b5 26.Qb4 Bc4 27.Kd2 Rd8+ 28.Ke1 Re8
29.Kf2 Bh4+ 30.g3 Bg5 31.f4 Bf6 32.a4 g5 33.axb5 axb5 34.fxg5 Bxg5 35.Bxg5 hxg5
36.b3 Re2+ 37.Kf3 g4+ 38.Kxg4 Be6+ 39.Kg5 Rxh2 40.Qxb5 Rh7 41.Qb8+ Kg7 42.Qe5+ Kg8
43.b4 Kf8 44.b5  1-0

[Event "Chigorin Memorial"]
[Site "St Petersburg RUS"]
[Date "2008.10.04"]
[Round "1"]
[White "Ganichev,Alex"]
[Black "Loginov,Va"]
[Result "0-1"]
[WhiteElo "2148"]
[BlackElo "2481"]

1.e4 c5 2.Nf3 d6 3.d4 cxd4 4.Nxd4 Nf6 5.Nc3 Nc6 6.Bg5 Bd7 7.Qd2 h6 8.Bxf6 gxf6
9.Be2 h5 10.f4 Rc8 11.Nb3 a6 12.O-O h4 13.Kh1 e6 14.h3 Be7 15.f5 Ne5 16.Nd4 Qb6
17.Rab1 Qc5 18.Nd1 Nc6 19.Nb3 Qb4 20.Qf4 Ne5 21.Ne3 Qa4 22.a3 Bc6 23.Nd2 Qd4
24.Rfd1 b5 25.c3 Qa7 26.fxe6 fxe6 27.Ng4 Nxg4 28.Bxg4 Bd7 29.Qf3 Qc5 30.Nb3 Qe5
31.Nd4 Kf7 32.Qe2 Rcg8 33.Nf3 Qf4 34.Rf1 Rxg4 35.Nh2 Qxe4 36.Qxg4 Qxg4 37.Nxg4 f5
38.Rbd1 Bc6 39.Ne3 Rg8 40.Kh2 Rg3 41.Rfe1 Bg5 42.Rxd6 Be4 43.Rxa6 Bxe3 44.Re2  0-1

[Event "Chigorin Memorial"]
[Site "St Petersburg RUS"]
[Date "2008.10.05"]
[Round "3"]
[White "Loskutov,O"]
[Black "Belov,Vl"]
[Result "0-1"]
[WhiteElo "2482"]
[BlackElo "2579"]

1.e4 c5 2.Nf3 d6 3.d4 cxd4 4.Nxd4 Nf6 5.Nc3 Nc6 6.Bg5 e6 7.Qd2 a6 8.O-O-O Bd7
9.f3 Be7 10.h4 Na5 11.Nb3 b5 12.Nxa5 Qxa5 13.Kb1 b4 14.Ne2 O-O 15.g4 Rfc8
16.Nd4 Bb5 17.Be3 Bxf1 18.Rdxf1 Nd7 19.g5 Ne5 20.b3 Rc3 21.Rhg1 Rac8 22.h5 Nd7
23.Rc1 Qa3 24.Ne2 Ne5 25.Bd4 Nxf3 26.Qd1 Nxg1 27.Qxg1 e5 28.Be3 Rxc2 29.Rxc2 Rxc2
30.Kxc2 Qxa2+ 31.Kd1 Qxb3+ 32.Ke1 Qb1+ 33.Bc1 Qxe4  0-1

[Event "Chigorin Memorial"]
[Site "St Petersburg RUS"]
[Date "2008.10.05"]
[Round "3"]
[White "Ganichev,Alex"]
[Black "Sudakova,I"]
[Result "1/2-1/2"]
[WhiteElo "2148"]
[BlackElo "2349"]

1.e4 c5 2.Nf3 d6 3.d4 cxd4 4.Nxd4 Nf6 5.Nc3 Nc6 6.Bg5 e6 7.Qd2 a6 8.f4 Bd7
9.O-O-O b5 10.Qe3 Qb6 11.Be2 Nxd4 12.Qxd4 Qxd4 13.Rxd4 Bc6 14.Bf3 Nd7 15.Re1 f6
16.Bh4 e5 17.fxe5 dxe5 18.Rd2 Bc5 19.Bh5+ Ke7 20.Nd5+ Bxd5 21.Rxd5 g5 22.Bg3 Rhd8
23.Bg4 Bd4 24.c3 Bb6 25.Red1 Be3+ 26.Kc2 Nb6 27.Rxd8 Rxd8 28.Rxd8 Kxd8 29.Kd3 Bg1
30.Bf5 h6 31.b3 Kc7 32.h4 Nd7 33.h5 Nc5+ 34.Kc2 Nb7 35.Be1 Nd6 36.Bg6 Bc5
37.g4 Kb6 38.Kd3 a5 39.b4 axb4 40.cxb4 Bd4 41.Bh7 Ka6 42.Bg8 Kb6 43.Bd5 Ka6
44.Kc2 Kb6 45.Kb3 Ka6 46.a4 Kb6 47.axb5 Kxb5 48.Be6 Nxe4 49.Bd7+ Kb6 50.Kc4 Kc7
51.Ba4 f5 52.gxf5 Nd6+ 53.Kd3 Nxf5 54.Bd1 Nd6 55.Bf3 Kb6 56.Bd2 Kb5 57.Be1 Kb6
58.Bd2 Kb5 59.Be1 Ba1 60.Bd2 Bb2 61.Be1 Bc1 62.Bc3 Bf4 63.Bg4 Kc6 64.Bf3+ Kb6
65.Be1 Kb5 66.Bc3 Ne8 67.Ke4 Kc4 68.Bxe5 Nd6+  1/2-1/2

[Event "Autumn-5"]
[Site "Alushta UKR"]
[Date "2008.10.06"]
[Round "13"]
[White "Shtyrenkov,V"]
[Black "Kovalev,An"]
[Result "1/2-1/2"]
[WhiteElo "2348"]
[BlackElo "2550"]

1.e4 c5 2.Nf3 d6 3.d4 cxd4 4.Nxd4 Nf6 5.Nc3 Nc6 6.Bg5 e6 7.Qd2 Be7 8.O-O-O O-O
9.f4 Nxd4 10.Qxd4 Qa5 11.Bc4 Bd7 12.e5 dxe5 13.fxe5 Bc6 14.Bd2 Nd7 15.Nd5 Qc5
16.Nxe7+ Qxe7 17.Rhe1 Rfd8 18.Qg4 Nf8 19.Bf1 Ng6 20.Bb4 Rxd1+ 21.Rxd1 Nxe5
22.Qxg7+ Kxg7 23.Bxe7 Ng4 24.h3 Ne3 25.Re1 Nxf1 26.Rxf1 f5 27.g4  1/2-1/2

[Event "58th TCh m 1st Div"]
[Site "Borovets BUL"]
[Date "2008.10.06"]
[Round "6"]
[White "Bonev,T"]
[Black "Kozhuharov,S"]
[Result "1-0"]
[WhiteElo "2270"]
[BlackElo "2424"]

1.e4 c5 2.Nf3 d6 3.d4 cxd4 4.Nxd4 Nf6 5.Nc3 Nc6 6.Bg5 e6 7.Qd2 a6 8.O-O-O Bd7
9.f4 b5 10.Bxf6 gxf6 11.Kb1 Qb6 12.Nxc6 Bxc6 13.Qe1 Ra7 14.f5 Qc5 15.Qh4 Bg7
16.Qg4 O-O 17.fxe6 Qe5 18.exf7+ Raxf7 19.Qf5 Re8 20.Qxe5 dxe5 21.Be2 Rc7
22.Rd6 Bb7 23.Rhd1 Bf8 24.Rxf6 Kg7 25.Rf3 Bc5 26.Nd5 Rd7 27.Rg3+ Kh8 28.Nf6 Rxd1+
29.Bxd1 Rf8 30.Rf3 Be7 31.Nd5 Bxd5 32.Rxf8+ Bxf8 33.exd5 e4 34.c3 Kg7 35.Bc2 e3
36.Kc1 b4 37.cxb4 Bxb4 38.Kd1 a5 39.Ke2 Bc5 40.g3 h5 41.Kf3 h4 42.Bd1 hxg3
43.hxg3 Kf6 44.Ke4 Bb4 45.a3 Bd2 46.b4 axb4 47.axb4 Ke7 48.g4 Kd6 49.Be2 Bc1
50.Kd4 Ba3 51.b5 Bc5+ 52.Ke4 Ke7 53.g5 Bb6 54.Kf5 Bc7 55.Bc4  1-0

[Event "Belgrade Premier League"]
[Site "Belgrade SRB"]
[Date "2008.10.12"]
[Round "8"]
[White "Carnic,D"]
[Black "Ivanovic,N"]
[Result "1-0"]
[WhiteElo "2174"]
[BlackElo "2212"]

1.e4 c5 2.Nf3 Nc6 3.d4 cxd4 4.Nxd4 Nf6 5.Nc3 d6 6.Bg5 Bd7 7.Qd2 Rc8 8.O-O-O Nxd4
9.Qxd4 Qa5 10.Be3 a6 11.Qa7 Qc7 12.Bb6 Qc6 13.Rd4 Be6 14.Rb4 g6 15.Be3 Bg7
16.Rb6 Qc7 17.Rxb7 Qc6 18.Rb6 Qa8 19.Rxa6 O-O 20.Qxa8 Rxa8 21.f3 Nd7 22.Nd5 Bxd5
23.exd5 Rab8 24.b3 Rfc8 25.Rc6 Ne5 26.Rxc8+ Rxc8 27.a4 e6 28.dxe6 fxe6 29.Bb5 d5
30.Rd1 Kf7 31.h3 Ke7 32.Bg5+ Kd6 33.Bd2 Nc6 34.Bxc6 Kxc6 35.Kb1 e5 36.Bc3 d4
37.Bb2 Kd5 38.c4+ Ke6 39.Kc2 Kf5 40.Bc1 Bf8 41.Bd2 Rb8 42.Rb1 e4 43.fxe4+ Kxe4
44.Re1+ Kf5 45.g4+ Kf6 46.Rb1 Ke5 47.Kd3  1-0

[Event "1st WMSG Blitz Team"]
[Site "Beijing CHN"]
[Date "2008.10.13"]
[Round "3"]
[White "Tvarijonas,P"]
[Black "Meszaros,Mi"]
[Result "0-1"]
[WhiteElo "2310"]
[BlackElo "2376"]

1.e4 c5 2.Nf3 d6 3.d4 cxd4 4.Nxd4 Nf6 5.Nc3 Nc6 6.Bg5 e6 7.Be2 a6 8.a4 Be7
9.O-O Qc7 10.Kh1 Bd7 11.f4 Na5 12.Qd3 Rc8 13.f5 O-O 14.fxe6 fxe6 15.Qg3 Kh8
16.Rad1 Nc4 17.Bxc4 Qxc4 18.Bxf6 Rxf6 19.Rxf6 gxf6 20.Nf3 Rg8 21.Qh3 Qc5
22.Qh6 b5 23.axb5 axb5 24.e5 fxe5 25.Ne4 Qxc2 26.Re1 Qxg2+  0-1

[Event "1st WMSG Blitz Team w"]
[Site "Beijing CHN"]
[Date "2008.10.13"]
[Round "6"]
[White "Borosova,Z"]
[Black "Topel,Z"]
[Result "1-0"]
[WhiteElo "2234"]
[BlackElo "2214"]

1.e4 c5 2.Nf3 d6 3.d4 cxd4 4.Nxd4 Nf6 5.Nc3 Nc6 6.Bg5 e6 7.Qd2 Bd7 8.O-O-O a6
9.f4 Rc8 10.Bxf6 gxf6 11.f5 Ne5 12.Be2 Qb6 13.fxe6 fxe6 14.Bh5+ Ng6 15.Rhf1 Qc5
16.Bf3 b5 17.Kb1 b4 18.Nce2 a5 19.Bg4 Qe5 20.Ng3 h5 21.Nxh5 Rxh5 22.Bxh5 Qxh5
23.Rxf6 Bg7 24.Rf2 Be5 25.g3 Ke7 26.Rdf1 Rf8 27.Rxf8 Nxf8 28.Qf2 Be8 29.Qxf8+ Kd7
30.Qf2 Qg6 31.Nf3 Bg7 32.Qe2 Ke7 33.Qe3 Qf6 34.Qg5 Qxg5 35.Nxg5 Bf6 36.Nf3 Bg6
37.Nd2 Bg5 38.Rf2 Be3 39.Re2 Bd4 40.Nf3 Bf6 41.g4 Be8 42.h4 Bb5 43.Rh2 Be2
44.Rh3 Bf1 45.Rg3 d5 46.exd5 exd5 47.g5 Bg7 48.h5 Ke6 49.h6 Bh8 50.g6 Kf6
51.g7 Bxg7 52.hxg7 Kf5 53.g8=Q Kf4 54.Qg5+ Ke4 55.Qe5+  1-0

[Event "1st WMSG Blitz Team"]
[Site "Beijing CHN"]
[Date "2008.10.13"]
[Round "6"]
[White "Lovik,L"]
[Black "Ali Laith,A"]
[Result "1-0"]
[WhiteElo "2167"]
[BlackElo "2283"]

1.e4 c5 2.Nf3 Nc6 3.d4 cxd4 4.Nxd4 Nf6 5.Nc3 d6 6.Bg5 e6 7.Bb5 Bd7 8.O-O Be7
9.Nb3 a6 10.Bd3 O-O 11.f4 b5 12.Qf3 Qb6+ 13.Kh1 Rfe8 14.Rae1 h6 15.e5 dxe5
16.Bxf6 Bxf6 17.Qe4 g6 18.fxe5 Bg7 19.Qf4 Rf8 20.Ne4 Bxe5 21.Qxh6 Bg7 22.Nf6+ Bxf6
23.Rxf6 Ne7 24.Rf3  1-0

[Event "1st WMSG Blitz Team"]
[Site "Beijing CHN"]
[Date "2008.10.13"]
[Round "9"]
[White "Tvarijonas,P"]
[Black "Goldenberg,I"]
[Result "1-0"]
[WhiteElo "2310"]
[BlackElo "2393"]

1.e4 c5 2.Nf3 Nc6 3.d4 cxd4 4.Nxd4 Nf6 5.Nc3 d6 6.Bg5 Bd7 7.Be2 Rc8 8.O-O Nxd4
9.Qxd4 Qa5 10.Bh4 Qc5 11.Qd3 a6 12.a4 e6 13.Kh1 Be7 14.f4 Bc6 15.f5 O-O 16.fxe6 fxe6
17.Rad1 Qb4 18.Qh3 Bd7 19.e5 Qxb2 20.exf6 gxf6 21.Ne4 d5 22.Ng3 Rxc2 23.Bd3 Rc3
24.Qg4+ Kh8 25.Qh5 Rxd3 26.Rxd3 Be8 27.Qe2 Qb4 28.Qxe6 Bf7 29.Bxf6+ Bxf6
30.Qxf6+ Kg8 31.Nf5  1-0

[Event "1st WMSG Blitz Team w"]
[Site "Beijing CHN"]
[Date "2008.10.13"]
[Round "10"]
[White "Swathi,G"]
[Black "Gara,T"]
[Result "1-0"]
[WhiteElo "2320"]
[BlackElo "2312"]

1.e4 c5 2.Nf3 d6 3.d4 cxd4 4.Nxd4 Nf6 5.Nc3 Nc6 6.Bg5 e6 7.Qd2 a6 8.O-O-O Bd7
9.f4 b5 10.Bxf6 gxf6 11.Kb1 Qc7 12.Qe1 Nxd4 13.Rxd4 Rc8 14.Rd2 b4 15.Ne2 a5
16.Nd4 a4 17.Bb5 Bxb5 18.Nxb5 Qc5 19.Qe2 a3 20.Rhd1 Rc6 21.Nd4 Rc8 22.Qb5+ Qxb5
23.Nxb5 axb2 24.Nxd6+ Bxd6 25.Rxd6 O-O 26.R1d4 Rb8 27.Rc6 Rfd8 28.Rcc4 Kf8
29.Kxb2 Ke7 30.Rxd8 Rxd8 31.Rxb4 Rd2 32.Rb7+ Ke8 33.g3 Rxh2 34.a4 Rd2 35.a5 Rd6
36.Kb3 f5 37.e5 Rc6 38.c4 h5 39.Kb4 Rc8 40.Kb5 Ra8 41.a6 Rc8 42.a7 Kd8 43.Rb8  1-0

[Event "1st WMSG Rapid Team"]
[Site "Beijing CHN"]
[Date "2008.10.14"]
[Round "1"]
[White "Diamant,A"]
[Black "Ali Laith,A"]
[Result "1-0"]
[WhiteElo "2412"]
[BlackElo "2283"]

1.e4 c5 2.Nf3 Nc6 3.d4 cxd4 4.Nxd4 Nf6 5.Nc3 d6 6.Bg5 e6 7.Qd2 a6 8.O-O-O Nxd4
9.Qxd4 Be7 10.f3 b5 11.Kb1 Bb7 12.h4 Rc8 13.g4 O-O 14.Be3 Qc7 15.g5 Nd7 16.h5 Ne5
17.h6 b4 18.Qxb4 Nxf3 19.Be2 d5 20.Qb6 dxe4 21.hxg7 Rfd8 22.Rxd8+ Bxd8 23.Qb3 Rb8
24.Bxf3 exf3 25.Qb4 f2 26.Qf8+  1-0

[Event "1st WMSG Rapid Team"]
[Site "Beijing CHN"]
[Date "2008.10.14"]
[Round "2"]
[White "Friedel,J"]
[Black "Meszaros,Mi"]
[Result "1-0"]
[WhiteElo "2498"]
[BlackElo "2376"]

1.e4 c5 2.Nf3 d6 3.d4 cxd4 4.Nxd4 Nf6 5.Nc3 Nc6 6.Bg5 e6 7.Qd2 Qb6 8.Nb3 a6
9.Be2 Be7 10.O-O Qc7 11.a4 b6 12.f4 Bb7 13.f5 O-O 14.fxe6 fxe6 15.Bc4 Qc8
16.Bxf6 Rxf6 17.Rxf6 gxf6 18.Nc1 Ne5 19.Bb3 Qc5+ 20.Kh1 Qc8 21.N1e2 Kh8 22.Nf4 Nc4
23.Qd3 b5 24.Re1 d5 25.exd5 e5 26.Ne6 Nxb2 27.Qg3 Qg8 28.Rb1 Qxg3 29.hxg3 bxa4
30.Rxb2 axb3 31.Rxb3 Bc8 32.Rb6 Bxe6 33.Rxe6 Bd8 34.Re8+ Kg7 35.d6 a5 36.Na4 Rb8
37.d7 Kf7 38.Kg1 Kg6 39.c4 Kf5 40.c5 Ke4 41.c6 Rb1+  1-0

[Event "1st WMSG Rapid Team"]
[Site "Beijing CHN"]
[Date "2008.10.14"]
[Round "2"]
[White "Tvarijonas,P"]
[Black "Iwasaki,Y"]
[Result "1/2-1/2"]
[WhiteElo "2310"]
[BlackElo "2110"]

1.e4 c5 2.Nf3 d6 3.d4 cxd4 4.Nxd4 Nf6 5.Nc3 Nc6 6.Bg5 e6 7.Be2 Be7 8.O-O O-O
9.Qd2 Nxd4 10.Qxd4 Qa5 11.Bh4 Rd8 12.a3 Bd7 13.b4 Qc7 14.Rac1 a6 15.Bd3 e5
16.Bxf6 exd4 17.Nd5 Qb8 18.Bxe7 Re8 19.Bh4 Bc6 20.Nb6 Ra7 21.a4 a5 22.b5 Bxe4
23.Rfe1 d5 24.f3 f5 25.fxe4 fxe4 26.Nd7 Qd6 27.b6 Raa8 28.Bb5 Rad8 29.Bxd8 Rxd8
30.Rcd1 Rxd7 31.Bxd7 Qxd7 32.Rxd4 Qc6 33.Kh1 h6 34.Red1 Qxc2 35.h3 Qf2 36.Rxd5 Qxb6
37.Rb5 Qf2 38.Rbb1 b6 39.Rf1 Qd4 40.Rfe1 Qxa4 41.Rxb6 Qd4 42.Re6 a4 43.R6xe4 Qc3
44.R4e3 Qb2 45.R3e2 Qc3 46.Rb1 Qd3 47.Rbe1 Qc3 48.Rf1 Qc4 49.Re8+ Kh7 50.Ra1 Qc3
51.Ree1 a3 52.Rec1 Qb2 53.Rcb1 Qc2 54.Rc1 Qb2 55.Rab1 Qd2 56.Rd1 Qc2 57.Rdc1 Qd2
58.Rc4 Qa2 59.Rcb4 Qc2 60.Ra1 a2 61.Rd4 Qb1+ 62.Rd1 Qb2 63.Re1 Kg6 64.Rf1 Kh7
65.Rae1 Kg6 66.Kh2 Qb8+ 67.Kg1 Qb6+ 68.Kh1 Qb2 69.Re6+ Kh7 70.Ree1 Kg6 71.Rd1 Kh7
72.Rg1 Kg6 73.Rd6+ Kh7 74.Rdd1 Kg6 75.Rge1 Kh7 76.Rf1 Kg6 77.Kg1 Qb6+ 78.Kh2 Qb8+
79.Kh1 Qb2 80.Kg1  1/2-1/2

[Event "1st WMSG Rapid Team"]
[Site "Beijing CHN"]
[Date "2008.10.15"]
[Round "4"]
[White "Lovik,L"]
[Black "Ali Laith,A"]
[Result "1-0"]
[WhiteElo "2167"]
[BlackElo "2283"]

1.e4 c5 2.Nf3 Nc6 3.d4 cxd4 4.Nxd4 Nf6 5.Nc3 d6 6.Bg5 e6 7.Qd2 a6 8.Be2 Be7
9.O-O Qc7 10.Rad1 O-O 11.Bxf6 gxf6 12.Nxc6 bxc6 13.Qh6 Kh8 14.Bh5 e5 15.f4 Rg8
16.fxe5 Be6 17.exd6 Bxd6 18.Qxf6+ Rg7 19.Rxd6 Qxd6 20.Bf3 Qc5+ 21.Kh1 Qg5
22.e5 Rc8 23.Ne4 Qxf6 24.exf6 Rgg8 25.Nc5 Bd5 26.h3 Rg6 27.Nd7 Bxf3 28.Rxf3 Rc7
29.Ne5 Rg5 30.Rd3 h5 31.Nf3 Rd5 32.Re3 Rf5 33.Re7 Rc8 34.Rxf7 Kg8 35.Rg7+ Kh8
36.Ra7 Rxf6 37.Rxa6 Rb8 38.b3 Rd8 39.Ra5 Rh6 40.Ng5 Rd1+ 41.Kh2 Rg6 42.Nf3 Rd5
43.Rxd5 cxd5 44.a4 Kg7 45.Kg1 Kf6 46.Kf2 Ke7 47.a5 Ra6 48.b4 Kd6 49.Ke3 Ra8
50.Kd4 Rc8 51.c3 Rc4+ 52.Kd3 Kc6 53.Ne5+  1-0

[Event "1st WMSG Rapid Team"]
[Site "Beijing CHN"]
[Date "2008.10.15"]
[Round "4"]
[White "Diermair,A"]
[Black "Waqar,M"]
[Result "1/2-1/2"]
[WhiteElo "2365"]
[BlackElo "2207"]

1.e4 c5 2.Nf3 d6 3.d4 cxd4 4.Nxd4 Nc6 5.Nc3 Nf6 6.Bg5 e6 7.Qd2 Be7 8.O-O-O Nxd4
9.Qxd4 O-O 10.f4 Qa5 11.Bc4 Rd8 12.e5 dxe5 13.Qxe5 Qb4 14.Rxd8+ Bxd8 15.Rd1 Bd7
16.Qe2 Bc6 17.a3 Qe7 18.Re1 h6 19.Bh4 Qc7 20.Bg3 Qa5 21.Bb3 Nh5 22.Ne4 Bxe4
23.Qxe4 Nxg3 24.hxg3 Bf6 25.Rd1 Rd8 26.Rxd8+ Qxd8 27.c3 b6 28.Qb7 Qe7 29.Qa8+ Kh7
30.Bc2+ g6 31.g4 Kg7 32.Kb1 Qc7 33.f5 exf5 34.gxf5 g5 35.Ka2 h5 36.Bb3 h4
37.Qf3 Qe5 38.Qb7 Qe7 39.Qd5 Qc7 40.Qf3  1/2-1/2

[Event "1st WMSG Rapid Team"]
[Site "Beijing CHN"]
[Date "2008.10.15"]
[Round "6"]
[White "Malachi,A"]
[Black "Iwasaki,Y"]
[Result "1-0"]
[WhiteElo "2195"]
[BlackElo "2110"]

1.e4 c5 2.Nf3 d6 3.d4 cxd4 4.Nxd4 Nf6 5.Nc3 Nc6 6.Bg5 e6 7.Qd2 Be7 8.Bxf6 gxf6
9.O-O-O a6 10.f4 Nxd4 11.Qxd4 Qa5 12.Bc4 Bd7 13.Bb3 b5 14.f5 b4 15.fxe6 fxe6
16.Ne2 Qb5 17.Nf4 e5 18.Qd5 Qxd5 19.Nxd5 Rb8 20.Rhf1 Rf8 21.Rf2 f5 22.exf5 Rxf5
23.Nc7+ Kd8 24.Rxf5 Bxf5 25.Nxa6 Rb6 26.Nc5 Bg5+ 27.Kb1 Ke7 28.Nd3 e4 29.Re1 Kd7
30.Nf2 e3 31.Nd1 Rb8 32.Nxe3 Bg6 33.Nd5 Rf8 34.Nxb4 Rf2 35.a4 Rf8 36.Nd5 Rb8
37.Ka2 Kc6 38.Ne7+ Bxe7 39.Rxe7 Rb4 40.a5 Rg4 41.g3 Kb5 42.Ra7 h5 43.a6 Kb6
44.Ra8 h4 45.Rd8 Kxa6 46.Rxd6+ Kb5 47.gxh4 Be4 48.h5 Rh4 49.h6 Rxh2 50.c3 Kc5
51.Rf6 Rh1 52.Bg8 Bc2 53.h7 Bxh7 54.Bxh7 Rxh7 55.Rf5+ Kc4 56.Rf4+ Kb5 57.Kb3 Rh2
58.Rf5+ Kc6 59.Ka3 Rh3 60.Rf8 Kb5 61.Rb8+ Ka6 62.Kb4 Rh4+ 63.c4 Rh2 64.b3 Rh4
65.Rg8 Kb6 66.Rg6+ Kc7 67.Kb5 Rh5+ 68.c5 Rh3 69.b4 Rh7 70.Ka5 Rh5 71.Kb5 Rh7
72.Ra6 Kb7 73.c6+ Kb8 74.Kb6 Rb7+ 75.Kc5 Rh7 76.b5 Rh5+ 77.Kb6 Rh7 78.c7+ Rxc7
79.Ra8+  1-0

[Event "1st WMSG Rapid Team"]
[Site "Beijing CHN"]
[Date "2008.10.15"]
[Round "6"]
[White "Aveskulov,V"]
[Black "Meszaros,Mi"]
[Result "1-0"]
[WhiteElo "2544"]
[BlackElo "2376"]

1.e4 c5 2.Nf3 d6 3.d4 cxd4 4.Nxd4 Nf6 5.Nc3 Nc6 6.Bg5 e6 7.Qd2 Qb6 8.Nb3 a6
9.O-O-O Be7 10.f3 O-O 11.g4 Rd8 12.h4 Qc7 13.Bxf6 Bxf6 14.g5 Be7 15.h5 Ne5
16.f4 Nc4 17.Qd4 b5 18.h6 e5 19.Nd5 Qa7 20.Qxa7 Rxa7 21.Bxc4 bxc4 22.Na5 Bg4
23.Nc6 Bxd1 24.Kxd1 Rdd7 25.Ndxe7+ Rxe7 26.f5 Red7 27.Nxa7 Rxa7 28.f6 gxf6
29.gxf6 d5 30.Rh5 dxe4 31.Rxe5 Kf8 32.Rc5 Rd7+ 33.Ke2 Ke8 34.Rxc4 Rd6 35.Rxe4+ Kf8
36.Rf4 Ke8 37.Ke3 Rd5 38.Re4+ Kf8 39.Rd4 Re5+ 40.Kf4 Re8 41.c4 Rb8 42.b3 Ke8
43.c5 a5 44.Ke5 Rc8 45.Kd5 Rd8+ 46.Kc4 Rc8 47.a3 Rc6 48.Rd6 Rxd6 49.cxd6 Kd7
50.Kd5  1-0

[Event "1st WMSG Rapid Team"]
[Site "Beijing CHN"]
[Date "2008.10.16"]
[Round "7"]
[White "Diermair,A"]
[Black "Meszaros,Mi"]
[Result "1-0"]
[WhiteElo "2365"]
[BlackElo "2376"]

1.e4 c5 2.Nf3 d6 3.d4 cxd4 4.Nxd4 Nf6 5.Nc3 Nc6 6.Bg5 e6 7.Qd2 Qb6 8.Nb3 a6
9.O-O-O Be7 10.f3 O-O 11.g4 Rd8 12.Be3 Qc7 13.g5 Nd7 14.h4 b5 15.h5 Nce5
16.f4 Nc4 17.Bxc4 Qxc4 18.Qg2 Qc7 19.f5 b4 20.Ne2 exf5 21.Rhf1 Bb7 22.Rxf5 Ne5
23.Kb1 a5 24.Nbd4 a4 25.Rg1 g6 26.hxg6 hxg6 27.Rff1 Bf8 28.Nf4 Re8 29.Rh1 Bg7
30.Qh2 Qd7 31.Qh7+ Kf8 32.Rh6 Bxe4 33.Bc1 b3 34.a3 Bxh6 35.gxh6 Ke7 36.Nd5+ Kd8
37.Bg5+ Kc8 38.Nb6+ Kc7 39.Nxd7 bxc2+ 40.Nxc2 Kxd7 41.Rxf7+ Nxf7 42.Qxf7+ Kc6
43.Qc4+ Kd7 44.h7 d5 45.Qb5+ Ke6 46.Qc6+ Kf5 47.Qf6+ Kg4 48.Qf4+ Kh3 49.Bh4 Kg2
50.Qf2+ Kh1 51.Bg3 Bg2 52.Ne3 Rxe3 53.Qxe3 Rf8 54.Qh6+  1-0

[Event "1st WMSG Rapid Team w"]
[Site "Beijing CHN"]
[Date "2008.10.16"]
[Round "8"]
[White "Borosova,Z"]
[Black "Madl,I"]
[Result "1-0"]
[WhiteElo "2234"]
[BlackElo "2376"]

1.e4 c5 2.Nf3 d6 3.d4 cxd4 4.Nxd4 Nf6 5.Nc3 Nc6 6.Bg5 e6 7.Qd2 a6 8.O-O-O Bd7
9.f3 Be7 10.h4 Rc8 11.g4 h5 12.gxh5 Nxh5 13.Rg1 Nxd4 14.Qxd4 Rc6 15.e5 dxe5
16.Qd2 f6 17.Be3 Bb4 18.Bd3 Qe7 19.Bg6+ Kd8 20.Qd3 Bxc3 21.bxc3 Kc7 22.Be4 Nf4
23.Qf1 Rxc3 24.Bxf4 exf4 25.Qe1 Qa3+ 26.Kb1 Rc5 27.Bd3 Rhh5 28.Ka1 Rhe5 29.Qd2 Qa4
30.Rxg7 Qd4+ 31.c3 Rxc3 32.Rxd7+ Qxd7 33.Qxc3+ Kb8 34.Bc2 Qc7 35.Qxc7+ Kxc7
36.Rh1 Rh5 37.Bg6 Rh6 38.h5 Kd6 39.Rd1+ Ke5 40.Re1+ Kd6 41.Kb2 f5 42.Kc3 Ke7
43.Kd4 Kf6 44.Rc1 Rh8 45.Rc7 Rd8+ 46.Kc3 e5 47.Rf7+ Ke6 48.Rxf5 b5 49.h6 Rh8
50.h7 a5 51.Rg5 Kf6 52.Rg1 Kg7 53.Be4+ Kf8 54.Rh1 Kg7 55.Rg1+ Kf8 56.Bf5 Kf7
57.Kd3 b4 58.Rg8 Rxg8 59.Be6+  1-0